|
|
|
|
| LEADER |
00000cam a2200000 7i4500 |
| 001 |
0000001642 |
| 005 |
20010904.0 |
| 090 |
0 |
0 |
|a JPSM634.92
|b MAL 1997
|
| 110 |
1 |
0 |
|a MALAYSIA
|c Ibu Pejabat Perhutanan Semenanjung Malaysia
|
| 245 |
1 |
0 |
|a Garis panduan kriteria pemilihan dan prosedur penandaan pokok ibu
|
| 260 |
0 |
0 |
|a Kuala Lumpur :
|b Ibu Pejabat Perhutanan Semenanjung Malaysia ,
|c 1997
|
| 300 |
|
|
|a ii, 16 p. :
|b maps ;
|c 30 cm.
|
| 650 |
0 |
0 |
|a Forest management
|
| 998 |
|
|
|a JPSM
|
| 999 |
|
|
|a 0000002924
|b Monograph
|c Open Shelf
|e Default branch
|
| 999 |
|
|
|a 0000004900
|b Monograph
|c Open Shelf
|e Default branch
|
| 999 |
|
|
|a 0000004901
|b Monograph
|c Open Shelf
|e Default branch
|
| 999 |
|
|
|a 0000004902
|b Monograph
|c Open Shelf
|e Default branch
|